Investigación criminal y criminalística: en sistema penal acusatorio (Registro nro. 381)
[ vista simple ]
| 000 -Cabecera | |
|---|---|
| Campo de control de longitud fija | 00945aam a2200337 4500 |
| 005 - Fecha y hora de la última transacción | |
| Campo de control | 20251015154738.0 |
| 008 - Elementos de longitud fija--Información general | |
| Campo de control de longitud fija | 150727b2008 xxu||||| |||| 00| 0 spa d |
| 020 ## - International Standard Book Number | |
| Número Internacional Estándar del Libro (ISBN) | 9789583506482 |
| 041 ## - Idioma | |
| Código de idioma | Español |
| 082 ## - Clasificación Decimal Dewey | |
| Número de clasificación | 363.25 L864i |
| 100 ## - Entrada principal--Autor personal | |
| Nombre personal | López Calvo, Pedro |
| 9 (RLIN) | 17337 |
| 245 ## - Título propiamente dicho | |
| Título | Investigación criminal y criminalística: en sistema penal acusatorio |
| 260 ## - Pie de imprenta | |
| Lugar de publicación, distribución, etc. | Colombia |
| 260 ## - Pie de imprenta | |
| Nombre del editor, distribuidor, etc. | Temis |
| 260 ## - Pie de imprenta | |
| Fecha de publicación, distribución, etc. | 2008 |
| 300 ## - Descripción física | |
| Extensión | 536 páginas |
| 490 ## - Serie | |
| Título de la Serie | Investigación Criminal |
| 650 ## - Materia general | |
| Temática (materia general) | INVESTIGACIÓIN CRIMINAL |
| 650 ## - Materia general | |
| Temática (materia general) | CRIMINALÍSTICA |
| 650 ## - Materia general | |
| Temática (materia general) | SISTEMA PENAL |
| 650 ## - Materia general | |
| Temática (materia general) | LUGAR DE LOS HECHOS |
| 650 ## - Materia general | |
| Temática (materia general) | ESCENA DEL CRIMEN |
| 650 ## - Materia general | |
| Temática (materia general) | PERFILES CRIMINALES |
| 650 ## - Materia general | |
| Temática (materia general) | CADENA DE CUSTODIA |
| 650 ## - Materia general | |
| Temática (materia general) | CIENCIA DE LA CRIMINALÍSTICA |
| 650 ## - Materia general | |
| Temática (materia general) | IDENTIFICACIÓN DE PERSONAS |
| 650 ## - Materia general | |
| Temática (materia general) | BALÍSTICA |
| 650 ## - Materia general | |
| Temática (materia general) | DOCUMENTOLOGÍA |
| 650 ## - Materia general | |
| Temática (materia general) | ENTOMOLOGÍA FORENSE |
| 942 ## - Punto de acceso adicional KOHA | |
| Tipo de ítem KOHA | Libro |
| Fuente del sistema de clasificación o colocación | Dewey Decimal Classification |
| Signatura completa | Código de barras | Programa Académico | Tipo de ítem |
|---|---|---|---|
| 363.25 L864i | 16699 | Investigación Criminal | Libro |